[Event "Chigorin Memorial 29th"]
[Site "St Petersburg"]
[Date "2022.10.27"]
[Round "6"]
[White "Kasintsov, Gleb"]
[Black "Shinkarev, Artem"]
[Result "0-1"]
[WhiteElo "1471"]
[BlackElo "1987"]
[PlyCount "76"]
[EventDate "2022.10.22"]
[EventType "swiss"]
[EventRounds "9"]
[EventCountry "RUS"]
[SourceTitle "EXT 2024"]
[Source "ChessBase"]
[SourceDate "2023.10.10"]
[SourceVersion "1"]
[SourceVersionDate "2023.10.10"]
[SourceQuality "1"]

1. Nf3 d5 2. g3 Nf6 3. Bg2 c6 4. 0-0 Bf5 5. d3 h6 6. Nbd2 e6 7. b3 Be7 8. Bb2 0-0 9. c4 Bh7 10. Qc2 Nbd7 11. Rfd1 Qb6 12. Nf1 Rfe8 13. e3 Bd6 14. Qe2 e5 15. d4 e4 16. Ne1 Qd8 17. c5 Bc7 18. b4 g5 19. a4 Bg6 20. Rdb1 Nh5 21. Bh3 f5 22. Bxf5 Bxf5 23. Qxh5 Kg7 24. Bc3 Nf6 25. Qe2 Bg4 26. Qc2 Qd7 27. b5 Qf7 28. bxc6 bxc6 29. Rb7 Reb8 30. Rab1 Rxb7 31. Rxb7 Bc8 32. Rb1 Ba6 33. Qd1 Rf8 34. Rb2 Qe6 35. f4 exf3 36. Nd3 Ne4 37. Be1 Qh3 38. Rc2 Rb8 0-1

[Event "Chigorin Memorial 28th"]
[Site "St Petersburg"]
[Date "2021.10.29"]
[Round "7"]
[White "Kasintsov, Gleb"]
[Black "Duev, Dmitriy"]
[Result "1/2-1/2"]
[WhiteElo "1566"]
[BlackElo "1452"]
[PlyCount "118"]
[EventDate "2021.10.23"]
[EventType "swiss"]
[EventRounds "9"]
[EventCountry "RUS"]
[SourceTitle "EXT 2023"]
[Source "ChessBase"]
[SourceDate "2022.10.05"]
[SourceVersion "1"]
[SourceVersionDate "2022.10.05"]
[SourceQuality "1"]

1. Nf3 d5 2. d4 Nf6 3. Bf4 c5 4. e3 e6 5. c3 Nc6 6. Bd3 Bd6 7. Bg3 cxd4 8. exd4 Qc7 9. Na3 a6 10. Qa4 Qb8 11. 0-0 Bxg3 12. hxg3 b5 13. Qc2 0-0 14. Qe2 Bb7 15. Nc2 Re8 16. Ne5 Nxe5 17. dxe5 Ne4 18. Bxe4 dxe4 19. Qh5 Qc7 20. Ne3 Rad8 21. Qg5 Qe7 22. Qxe7 Rxe7 23. Rad1 Red7 24. Rxd7 Rxd7 25. Rd1 Rxd1+ 26. Nxd1 h5 27. Ne3 g5 28. Kf1 Kg7 29. b3 Kg6 30. c4 f5 31. Nc2 bxc4 32. bxc4 a5 33. c5 Ba6+ 34. Kg1 Kf7 35. Nd4 Bc4 36. a3 a4 37. f4 exf3 38. gxf3 Ke7 39. Kf2 Kd7 40. f4 g4 41. Ke3 Kc7 42. Kd2 Kd7 43. Kc3 Bb3 44. Kb4 Bd1 45. c6+ Kc8 46. Kc5 h4 47. Nb5 hxg3 48. Nd6+ Kd8 49. Kb6 g2 50. c7+ Ke7 51. c8Q g1Q+ 52. Kb5 Qf1+ 53. Nc4 Bb3 54. Qc7+ Kf8 55. Qd8+ Kf7 56. Qf6+ Kg8 57. Qg6+ Kh8 58. Qh6+ Kg8 59. Qxe6+ Kh8 1/2-1/2

[Event "Chigorin Memorial 28th"]
[Site "St Petersburg"]
[Date "2021.10.28"]
[Round "6"]
[White "Sokolov, Ilia"]
[Black "Kasintsov, Gleb"]
[Result "1-0"]
[WhiteElo "1903"]
[BlackElo "1566"]
[PlyCount "111"]
[EventDate "2021.10.23"]
[EventType "swiss"]
[EventRounds "9"]
[EventCountry "RUS"]
[SourceTitle "EXT 2023"]
[Source "ChessBase"]
[SourceDate "2022.10.05"]
[SourceVersion "1"]
[SourceVersionDate "2022.10.05"]
[SourceQuality "1"]

1. Nf3 Nf6 2. c4 g6 3. d4 Bg7 4. Nc3 0-0 5. g3 d6 6. Bg2 c5 7. 0-0 Nc6 8. b3 cxd4 9. Nxd4 Nxd4 10. Qxd4 Ne4 11. Qxe4 Bxc3 12. Bh6 Bg7 13. Bxg7 Kxg7 14. Rad1 Qc7 15. Qd4+ Kg8 16. h4 Qa5 17. a4 Bf5 18. Qe3 Qc7 19. h5 Rad8 20. h6 b6 21. Rd5 Qd7 22. Rfd1 Qe6 23. Qd4 f6 24. g4 Bxg4 25. Rg5 Qxe2 26. Qxg4 Qxg4 27. Rxg4 Kf7 28. Rgd4 f5 29. a5 Rb8 30. a6 Rbc8 31. b4 Rfe8 32. Bb7 Rc7 33. Rc1 Ke6 34. f4 Kf6 35. c5 Rd8 36. Rd5 Ke6 37. Re1+ Kf6 38. cxb6 axb6 39. Rb5 e5 40. Rxb6 exf4 41. a7 Kg5 42. a8Q Rxa8 43. Bxa8 Kg4 44. Rxd6 Rc2 45. Rxg6+ hxg6 46. h7 Rc8 47. Bd5 Rh8 48. Bg8 Kg3 49. b5 f3 50. Rf1 g5 51. b6 f4 52. b7 g4 53. b8Q f2+ 54. Rxf2 Kh3 55. Qxf4 g3 56. Be6# 1-0

[Event "Chigorin Memorial 28th"]
[Site "St Petersburg"]
[Date "2021.10.27"]
[Round "5"]
[White "Kasintsov, Gleb"]
[Black "Vershinin, Igor1111"]
[Result "0-1"]
[WhiteElo "1566"]
[BlackElo "1915"]
[PlyCount "134"]
[EventDate "2021.10.23"]
[EventType "swiss"]
[EventRounds "9"]
[EventCountry "RUS"]
[SourceTitle "EXT 2023"]
[Source "ChessBase"]
[SourceDate "2022.10.05"]
[SourceVersion "1"]
[SourceVersionDate "2022.10.05"]
[SourceQuality "1"]

1. e4 c5 2. Nf3 Nc6 3. d3 e5 4. g3 g6 5. Bg2 Bg7 6. 0-0 Nge7 7. Nh4 0-0 8. Nc3 Nd4 9. f4 d6 10. Nb1 exf4 11. gxf4 Nec6 12. Nf3 Nxf3+ 13. Qxf3 Qh4 14. c3 Bg4 15. Qf2 Qh5 16. Re1 Bf6 17. Nd2 Bh4 18. Qe3 Bxe1 19. Qxe1 Rae8 20. Qg3 Bd7 21. Nc4 Qd1+ 22. Kf2 d5 23. Ne3 Qxd3 24. Nxd5 Qc2+ 25. Kg1 Qd1+ 26. Kf2 f5 27. Ne3 Qd3 28. Bf1 Qxe4 29. Bd2 Ne5 30. Bg2 Qd3 31. Nf1 Ng4+ 32. Kg1 Qxg3 33. Nxg3 Bc6 34. h3 Nf6 35. Bf1 Ne4 36. Be1 Rd8 37. Nxe4 Bxe4 38. Bf2 b6 39. Be3 Rfe8 40. Kf2 Rd6 41. Be2 Red8 42. Rc1 Kg7 43. h4 Kf6 44. Ke1 Bg2 45. Kf2 Bb7 46. Re1 Re8 47. Bf1 Re7 48. Bb5 Re4 49. Bf1 Bc6 50. Be2 h6 51. Bf3 Re7 52. Be2 Re4 53. Bf1 Bb7 54. Be2 a6 55. Bf1 Rd7 56. Be2 Ree7 57. Bc4 Rd8 58. Bf1 Red7 59. Be2 Rd6 60. Rc1 Ke7 61. Ke1 Kd7 62. Kf2 Kc7 63. Ke1 Re6 64. Bg1 Rde8 65. Rc2 Bf3 66. Rc1 Rxe2+ 67. Kf1 Bg2# 0-1

[Event "Moscow op-A 17th"]
[Site "Moscow"]
[Date "2021.02.26"]
[Round "7"]
[White "Kasintsov, Gleb"]
[Black "Lebedev, Artem S"]
[Result "0-1"]
[WhiteElo "1658"]
[BlackElo "1623"]
[PlyCount "98"]
[EventDate "2021.02.20"]
[EventType "swiss"]
[EventRounds "9"]
[EventCountry "RUS"]
[SourceTitle "CBM 200 Extra"]
[Source "ChessBase"]
[SourceDate "2021.03.31"]
[SourceVersion "1"]
[SourceVersionDate "2021.03.31"]
[SourceQuality "1"]

1. d4 d5 2. Bf4 Nf6 3. e3 c5 4. c3 Nc6 5. Bd3 Qb6 6. Qc1 Bg4 7. Nd2 Nh5 8. Bg3 cxd4 9. exd4 Nxg3 10. hxg3 e5 11. f3 Bd7 12. a3 exd4 13. c4 Ne5 14. Qc2 Qxb2 15. Rb1 Qxa3 16. Nb3 Qb4+ 17. Kf2 dxc4 18. Qe2 Bd6 19. Nd2 cxd3 20. Qxe5+ Bxe5 21. Rxb4 b5 22. f4 Bd6 23. Rb3 a5 24. Ne4 Be7 25. Rxd3 a4 26. Ne2 Bf5 27. Rxd4 0-0 28. Kf3 b4 29. Nd6 Bd7 30. Ne4 Bc6 31. g4 a3 32. N2g3 a2 33. Rdd1 Bf6 34. Nh5 Bxe4+ 35. Kxe4 a1Q 36. Rxa1 Bxa1 37. f5 Rfe8+ 38. Kf4 Be5+ 39. Kg5 b3 40. f6 Bxf6+ 41. Nxf6+ gxf6+ 42. Kh6 b2 43. g5 fxg5 44. g4 Ra5 45. Kh5 Ra1 46. Rh4 b1Q 47. Kxg5 f6+ 48. Kf4 Qe4+ 49. Kg3 Rg1+ 0-1

[Event "Moscow op-A 17th"]
[Site "Moscow"]
[Date "2021.02.22"]
[Round "3"]
[White "Teiitbaev, Aktilek"]
[Black "Kasintsov, Gleb"]
[Result "1-0"]
[WhiteElo "2100"]
[BlackElo "1658"]
[PlyCount "53"]
[EventDate "2021.02.20"]
[EventType "swiss"]
[EventRounds "9"]
[EventCountry "RUS"]
[SourceTitle "CBM 200 Extra"]
[Source "ChessBase"]
[SourceDate "2021.03.31"]
[SourceVersion "1"]
[SourceVersionDate "2021.03.31"]
[SourceQuality "1"]

1. d4 Nf6 2. c4 c6 3. Nf3 g6 4. Nc3 d5 5. Bf4 Bg7 6. e3 0-0 7. Rc1 dxc4 8. Bxc4 b5 9. Bd3 a5 10. 0-0 Na6 11. Ne5 Bb7 12. a4 b4 13. Ne4 Qd5 14. Nc5 Nxc5 15. Rxc5 Qe6 16. Bc4 Qc8 17. Qf3 e6 18. Rc1 Nd7 19. Nxd7 Qxd7 20. Bd3 e5 21. Bxe5 Bxe5 22. Rxe5 c5 23. Qf6 c4 24. Bxc4 Rac8 25. h4 Rce8 26. h5 Rxe5 27. h6 1-0